000 00433nam a22001457a 4500
008 230228b |||||||| |||| 00| 0 eng d
020 _a978-0-06-264154-0
082 _a158.1
100 _aMark Manson
245 _aThe Subtle Art of Not Giving a F*ck;
_ba counterintuitive approach to living a good life
260 _bHarper,
_c2016
300 _a212 p.
_c21.4 cm
942 _2ddc
999 _c9371
_d9372